Финансовый учет в коммерческих организациях: учебное пособие для вузов

Библиографические подробности
Главный автор: Сафонова Л. И. Лариса Ивановна
Автор-организация: Национальный исследовательский Томский политехнический университет (ТПУ) Институт дистанционного образования (ИДО)
Другие авторы: Арцер Т. В. Татьяна Владимировна
Примечания:В пособии в краткой форме изложены теоретические и практические вопросы финансового учета. Пособие подготовлено на кафедре экономики на основе авторского курса лекций, прочитанных студентам ИЭФ, слушателям профессиональной переподготовки. Пособие соответствует программе дисциплины и предназначено для студентов ИДО, обучающихся по специальности 080109 «Бухгалтерский учет, анализ и аудит».
Язык:русский
Опубликовано: Томск, Изд-во ТПУ, 2012
Предметы:
Формат: Книга
Запись в KOHA:https://koha.lib.tpu.ru/cgi-bin/koha/opac-detail.pl?biblionumber=224663

MARC

LEADER 00000nam0a2200000 4500
001 224663
005 20231101230615.0
035 |a (RuTPU)RU\TPU\book\244982 
090 |a 224663 
100 |a 20121030d2012 m y0rusy50 ca 
101 0 |a rus 
102 |a RU 
105 |a y j 001zy 
200 1 |a Финансовый учет в коммерческих организациях  |e учебное пособие для вузов  |f Л. И. Сафонова, Т. В. Арцер  |g Национальный исследовательский Томский политехнический университет (ТПУ), Институт дистанционного образования (ИДО) 
210 |a Томск  |c Изд-во ТПУ  |d 2012 
215 |a 212 с. 
320 |a Библиогр.: с. 206-208. 
330 |a В пособии в краткой форме изложены теоретические и практические вопросы финансового учета. Пособие подготовлено на кафедре экономики на основе авторского курса лекций, прочитанных студентам ИЭФ, слушателям профессиональной переподготовки. Пособие соответствует программе дисциплины и предназначено для студентов ИДО, обучающихся по специальности 080109 «Бухгалтерский учет, анализ и аудит». 
606 1 |a Финансовый учет  |2 stltpush  |3 (RuTPU)RU\TPU\subj\63968  |9 80898 
610 1 |a бухгалтерский учет 
610 1 |a коммерческие организации 
610 1 |a бухгалтерский баланс 
610 1 |a денежные средства 
610 1 |a расчетные операции 
610 1 |a кредитные операции 
610 1 |a основные средства 
610 1 |a нематериальные активы 
610 1 |a материальные ценности 
610 1 |a затраты 
610 1 |a продукция 
610 1 |a оплата труда 
610 1 |a финансовые вложения 
610 1 |a капитал 
610 1 |a финансовые резервы 
610 1 |a финансовые результаты 
610 1 |a учетная политика 
610 1 |a налоговый учет 
610 1 |a учебные пособия 
610 1 |a труды учёных ТПУ 
675 |a 657.22(075.8)  |v 3 
700 1 |a Сафонова  |b Л. И.  |c российский экономист  |c доцент Томского политехнического университета, кандидат экономических наук  |f 1940-  |g Лариса Ивановна  |2 stltpush  |3 (RuTPU)RU\TPU\pers\25563 
701 1 |a Арцер  |b Т. В.  |c экономист  |c доцент Томского политехнического университета, кандидат экономических наук  |f 1979-  |g Татьяна Владимировна  |2 stltpush  |3 (RuTPU)RU\TPU\pers\25418  |4 070 
712 0 2 |a Национальный исследовательский Томский политехнический университет (ТПУ)  |b Институт дистанционного образования (ИДО)  |2 stltpush  |3 (RuTPU)RU\TPU\col\16612 
801 1 |a RU  |b 63413507  |c 20121030 
801 2 |a RU  |b 63413507  |c 20211015  |g RCR 
900 |a Финансовый учет в коммерческих организациях 
942 |c BK